The brothers Karamazov : (Record no. 30978)

MARC details
000 -LEADER
fixed length control field 01737cam a2200421 a 4500
001 - CONTROL NUMBER
control field 13190595
003 - CONTROL NUMBER IDENTIFIER
control field EG-ScBUE
005 - DATE AND TIME OF LATEST TRANSACTION
control field 20250513103630.0
008 - FIXED-LENGTH DATA ELEMENTS--GENERAL INFORMATION
fixed length control field 030508s2003 enk f 000 1 eng d
020 ## - INTERNATIONAL STANDARD BOOK NUMBER
International Standard Book Number 9780140449242
040 ## - CATALOGING SOURCE
Original cataloging agency DLC
Language of cataloging eng
Description conventions rda
Transcribing agency DLC
Modifying agency DLC
-- EG-ScBUE
041 1# - LANGUAGE CODE
Language code of text/sound track or separate title eng
Language code of original and/or intermediate translations of text rus
043 ## - GEOGRAPHIC AREA CODE
Geographic area code e-ur---
082 04 - DEWEY DECIMAL CLASSIFICATION NUMBER
Classification number 891.733
Edition number 22
Item number DOS
100 1# - MAIN ENTRY--PERSONAL NAME
Personal name Dostoyevsky, Fyodor,
Dates associated with a name 1821-1881,
Relator term author.
240 10 - UNIFORM TITLE
Uniform title <a href="Bratʹi︠a︡ Karamazovy.">Bratʹi︠a︡ Karamazovy.</a>
Language of a work English
245 14 - TITLE STATEMENT
Title The brothers Karamazov :
Remainder of title a novel in four parts and an epilogue /
Statement of responsibility, etc Fyodor Dostoyevsky ; translated with an introduction and notes by David McDuff.
264 #1 - PUBLICATION, DISTRIBUTION, ETC. (IMPRINT)
Place of publication, distribution, etc London :
Name of publisher, distributor, etc Penguin Books,
Date of publication, distribution, etc 2003.
300 ## - PHYSICAL DESCRIPTION
Extent xxx, 1013 pages ;
Dimensions 20 cm.
336 ## - CONTENT TYPE
Source rdacontent
Content type term text
Content type code txt
337 ## - MEDIA TYPE
Source rdamedia
Media type term unmediated
Media type code n
338 ## - CARRIER TYPE
Source rdacarrier
Carrier type term volume
Carrier type code nc
490 0# - SERIES STATEMENT
Series statement Penguin classics
500 ## - GENERAL NOTE
General note "First published 1880"--T.p. verso.
500 ## - GENERAL NOTE
General note "Reissued with revisions 2003"--T.p. verso.
546 ## - LANGUAGE NOTE
Language note Text in English ; translated from the original Russian language.<br/>
650 #7 - SUBJECT ADDED ENTRY--TOPICAL TERM
Topical term or geographic name as entry element Fathers and sons
Form subdivision Fiction.
Source of heading or term BUEsh
650 #7 - SUBJECT ADDED ENTRY--TOPICAL TERM
Topical term or geographic name as entry element Brothers
Form subdivision Fiction.
Source of heading or term BUEsh
651 #7 - SUBJECT ADDED ENTRY--GEOGRAPHIC NAME
Geographic name Russia
General subdivision Social life and customs
Chronological subdivision 1533-1917
Form subdivision Fiction.
Source of heading or term BUEsh
653 ## - INDEX TERM--UNCONTROLLED
Arrived date list May2025
Resource For college Humanities: English
655 ## - INDEX TERM--GENRE/FORM
Form subdivision Reading book
700 1# - ADDED ENTRY--PERSONAL NAME
Personal name McDuff, David,
Dates associated with a name 1945-
Relator term translator.
856 42 - ELECTRONIC LOCATION AND ACCESS
Materials specified Contributor biographical information
Uniform Resource Identifier <a href="http://www.loc.gov/catdir/enhancements/fy0716/2003267786-b.html">http://www.loc.gov/catdir/enhancements/fy0716/2003267786-b.html</a>
856 42 - ELECTRONIC LOCATION AND ACCESS
Materials specified Publisher description
Uniform Resource Identifier <a href="http://www.loc.gov/catdir/enhancements/fy0716/2003267786-d.html">http://www.loc.gov/catdir/enhancements/fy0716/2003267786-d.html</a>
856 41 - ELECTRONIC LOCATION AND ACCESS
Materials specified Table of contents only
Uniform Resource Identifier <a href="http://www.loc.gov/catdir/enhancements/fy1204/2003267786-t.html">http://www.loc.gov/catdir/enhancements/fy1204/2003267786-t.html</a>
906 ## - LOCAL DATA ELEMENT F, LDF (RLIN)
a 7
b cbc
c origcop
d 3
e ncip
f 20
g y-gencatlg
942 ## - ADDED ENTRY ELEMENTS (KOHA)
Source of classification or shelving scheme Dewey Decimal Classification
Koha item type Book - Borrowing
Holdings
Withdrawn status Lost status Source of classification or shelving scheme Damaged status Not for loan Collection code Home library Current library Shelving location Date acquired Source of acquisition Cost, normal purchase price Serial Enumeration / chronology Total Checkouts Total Renewals Full call number Barcode Checked out Date last seen Date checked out Cost, replacement price Price effective from Koha item type
    Dewey Decimal Classification     Baccah Central Library Central Library Second Floor 13/05/2025 Purchase 847.00 39225 1 37 891.733 DOS 000057357 16/05/2026 12/10/2025 12/10/2025 1058.75 13/05/2025 Book - Borrowing